000 00323nam a2200133Ia 4500
008 240624s9999 xx 000 0 und d
041 _aeng
082 _a658.15 ICF
100 _aICFAI
245 _aFINANCIAL SERVICES I
260 _c2003
_aHyderabad
_bICFAI press
300 _avii, : 199 : p. : cm. ; 23
365 _cRS
_b50
999 _c6504
_d6504